00619nam a2200193Ia 4500008004100000020001800041082001400059100002200073245003900095250000800134260003400142300002900176500001900205600003300224650001600257942000700273952012800280999001700408240925s9999 xx 000 0 und d a9780071263283 a515.9 BRO aBrown, James Ward 0aComplex Variables and Applications a8th aBoston:bMC Graw-Hillc,2009. axiv,658p.bN.AfOriginal aIncludes Index aHumanities & Natural Science aMathematics cBK 001040708HUMaUITUbUITUd2012-02-13eFair Book Centerg475.00l0o515.9 BROpQ9043r2024-09-25 07:15:11w2024-09-25yBK c11542d11542